000
00238nam a2200121Ia 4500
100
_a
#N/A
650
_a
Computer/ IT
942
_c
BK
654
_a
microsoft
245
_a
Attitude for success
260
_b
#N/A
_c
2007
546
_a
ENGLISH
999
_c
34658
_d
34658